[Event "Niederrhein-ch"]
[Site "Niederrhein"]
[Date "2000.04.20"]
[Round "7"]
[White "Lindner, Arnd"]
[Black "Gutbier, Michael"]
[Result "0-1"]
[WhiteElo "2088"]
[BlackElo "2086"]
[PlyCount "52"]
[EventDate "2000.04.14"]
[EventType "swiss"]
[EventRounds "9"]
[EventCountry "GER"]
[SourceTitle "EXT 2006"]
[Source "ChessBase"]
[SourceDate "2005.11.24"]
[SourceVersion "1"]
[SourceVersionDate "2005.11.24"]
[SourceQuality "1"]

1. c4 c6 2. Nf3 d5 3. d4 Nf6 4. Nc3 dxc4 5. a4 Na6 6. e3 Bg4 7. Bxc4 e6 8. h3 Bh5 9. 0-0 Nb4 10. a5 Be7 11. Be2 0-0 12. Qb3 Bg6 13. Bd1 Bd3 14. Re1 b5 15. axb6 axb6 16. Rxa8 Qxa8 17. Ne5 b5 18. Bd2 Qa6 19. Nxd3 Nxd3 20. Rf1 b4 21. Be2 bxc3 22. Qxc3 Bb4 23. Bxd3 Bxc3 24. Bxa6 Bxd2 25. Rd1 Ra8 26. Bb7 Rb8 0-1

[Event "Niederrhein-ch"]
[Site "Niederrhein"]
[Date "2000.04.15"]
[Round "2"]
[White "Dresen, Ulrich"]
[Black "Gutbier, Michael"]
[Result "1-0"]
[WhiteElo "2361"]
[BlackElo "2086"]
[PlyCount "65"]
[EventDate "2000.04.14"]
[EventType "swiss"]
[EventRounds "9"]
[EventCountry "GER"]
[SourceTitle "EXT 2006"]
[Source "ChessBase"]
[SourceDate "2005.11.24"]
[SourceVersion "1"]
[SourceVersionDate "2005.11.24"]
[SourceQuality "1"]

1. d4 d5 2. Bg5 c6 3. e3 Bf5 4. Nf3 Nd7 5. c4 Bxb1 6. Qxb1 Ngf6 7. Bd3 e5 8. cxd5 Qa5+ 9. Ke2 Nxd5 10. dxe5 Nc5 11. Rd1 h6 12. Bh4 g5 13. Bg3 Nxd3 14. Qxd3 Rd8 15. Kf1 Bc5 16. Kg1 0-0 17. Qe2 Nc7 18. h4 Ne6 19. hxg5 hxg5 20. a3 Bb6 21. Rd6 Qb5 22. Qc2 Qc5 23. Qe4 f5 24. exf6 Rxd6 25. Qg6+ Kh8 26. Bxd6 Qxd6 27. f7 Rxf7 28. Qxf7 Bc7 29. Qh5+ Kg8 30. Nxg5 Nxg5 31. Qxg5+ Kh8 32. Qh5+ Kg8 33. Rd1 1-0

[Event "Niederrhein-ch"]
[Site "Niederrhein"]
[Date "2000.04.14"]
[Round "1"]
[White "Gutbier, Michael"]
[Black "Henneberger, Sven"]
[Result "1-0"]
[WhiteElo "2086"]
[BlackElo "1918"]
[PlyCount "37"]
[EventDate "2000.04.14"]
[EventType "swiss"]
[EventRounds "9"]
[EventCountry "GER"]
[SourceTitle "EXT 2006"]
[Source "ChessBase"]
[SourceDate "2005.11.24"]
[SourceVersion "1"]
[SourceVersionDate "2005.11.24"]
[SourceQuality "1"]

1. e4 e6 2. d4 b6 3. c4 Bb7 4. Bd3 d5 5. cxd5 exd5 6. e5 c5 7. Nf3 c4 8. Bc2 Bb4+ 9. Nc3 Bxc3+ 10. bxc3 Qd7 11. 0-0 Na6 12. Ba4 Bc6 13. e6 fxe6 14. Bxc6 Qxc6 15. Ne5 Qb5 16. Rb1 Qxb1 17. Qa4+ b5 18. Qxa6 Ne7 19. Bg5 1-0

[Event "Niederrhein-ch"]
[Site "Niederrhein"]
[Date "1996.04.02"]
[Round "5"]
[White "Gutbier, Michael"]
[Black "Henneberger, Sven"]
[Result "1/2-1/2"]
[WhiteElo "2130"]
[BlackElo "1903"]
[PlyCount "34"]
[EventDate "1996.03.29"]
[EventType "swiss"]
[EventRounds "9"]
[EventCountry "GER"]
[SourceTitle "EXT 2006"]
[Source "ChessBase"]
[SourceDate "2005.11.24"]
[SourceVersion "1"]
[SourceVersionDate "2005.11.24"]
[SourceQuality "1"]

1. b4 c6 2. c4 a5 3. b5 d5 4. e3 e5 5. Bb2 Bd7 6. Nf3 f6 7. d4 Bb4+ 8. Nfd2 cxb5 9. cxb5 exd4 10. Bxd4 Be6 11. a3 Bd6 12. Nc3 Ne7 13. Bd3 Nd7 14. 0-0 Bf7 15. e4 Be5 16. Nf3 Bxd4 17. Nxd4 Ne5 1/2-1/2

[Event "Niederrhein-ch"]
[Site "Niederrhein"]
[Date "1996.03.30"]
[Round "2"]
[White "Prudlo, Simon"]
[Black "Gutbier, Michael"]
[Result "0-1"]
[WhiteElo "2060"]
[BlackElo "2130"]
[PlyCount "52"]
[EventDate "1996.03.29"]
[EventType "swiss"]
[EventRounds "9"]
[EventCountry "GER"]
[SourceTitle "EXT 2006"]
[Source "ChessBase"]
[SourceDate "2005.11.24"]
[SourceVersion "1"]
[SourceVersionDate "2005.11.24"]
[SourceQuality "1"]

1. e4 c5 2. Nc3 Nc6 3. Nge2 g6 4. g3 Bg7 5. Bg2 Nf6 6. 0-0 0-0 7. d3 d6 8. f4 Nd4 9. h3 Rb8 10. g4 Bd7 11. f5 Bc6 12. Be3 Qb6 13. Qc1 d5 14. Ng3 dxe4 15. dxe4 Rfd8 16. Rb1 Nd7 17. Bh6 Be5 18. fxg6 fxg6 19. Qg5 Bf6 20. Rxf6 exf6 21. Qf4 Rbc8 22. Qd6 Qc7 23. Qe7 Ne5 24. Qxc5 b6 25. Qb4 a5 26. Qa3 Nc4 0-1

[Event "Niederrhein-ch"]
[Site "Niederrhein"]
[Date "1995.04.??"]
[Round "?"]
[White "Gutbier, Michael"]
[Black "Hilge, Dietmar"]
[Result "1-0"]
[WhiteElo "2105"]
[BlackElo "2098"]
[PlyCount "83"]
[EventDate "1995.04.07"]
[EventType "swiss"]
[EventRounds "9"]
[EventCountry "GER"]
[SourceTitle "EXT 2006"]
[Source "ChessBase"]
[SourceDate "2005.11.24"]
[SourceVersion "1"]
[SourceVersionDate "2005.11.24"]
[SourceQuality "1"]

1. Nf3 d5 2. b3 Nf6 3. Bb2 Bf5 4. e3 e6 5. Bb5+ c6 6. Be2 Nbd7 7. 0-0 Bd6 8. d4 Qc7 9. c4 dxc4 10. bxc4 Rd8 11. Qa4 0-0 12. c5 Be7 13. Rc1 Ne4 14. Nbd2 Nxd2 15. Nxd2 e5 16. Bc3 Bf6 17. Bf3 exd4 18. exd4 Nxc5 19. dxc5 Bxc3 20. Rxc3 Rxd2 21. Qxa7 Qe5 22. Rac1 Rfd8 23. Re3 Qb2 24. Rce1 g5 25. h3 Be6 26. Qa5 R8d7 27. Qa8+ Rd8 28. Qa5 R8d7 29. Qa7 h5 30. Qb8+ Kg7 31. Re5 g4 32. Rxh5 Rd8 33. Qf4 Kg8 34. Rg5+ Kf8 35. Bxg4 Bxg4 36. Qxg4 Qh8 37. Rh5 Qf6 38. Rf5 Qh6 39. Rg5 Qh8 40. Qe4 Qf6 41. Rf5 R2d4 42. Rxf6 1-0

[Event "Niederrhein-ch"]
[Site "Niederrhein"]
[Date "1995.04.??"]
[Round "?"]
[White "Mursaniow, Joerg"]
[Black "Gutbier, Michael"]
[Result "1-0"]
[WhiteElo "1859"]
[BlackElo "2105"]
[PlyCount "91"]
[EventDate "1995.04.07"]
[EventType "swiss"]
[EventRounds "9"]
[EventCountry "GER"]
[SourceTitle "EXT 2006"]
[Source "ChessBase"]
[SourceDate "2005.11.24"]
[SourceVersion "1"]
[SourceVersionDate "2005.11.24"]
[SourceQuality "1"]

1. d4 Nf6 2. Nf3 g6 3. c4 Bg7 4. Nc3 0-0 5. e4 d6 6. Be2 Nbd7 7. 0-0 e5 8. Be3 Ng4 9. Bg5 f6 10. Bd2 Nh6 11. b4 f5 12. Bg5 Qe8 13. exf5 c6 14. fxg6 Qxg6 15. Bd3 Qh5 16. Ne4 Nf5 17. dxe5 dxe5 18. Nh4 Qxd1 19. Raxd1 Nd4 20. Nd6 Nf6 21. Nxc8 Raxc8 22. Nf5 Nxf5 23. Bxf5 Rcd8 24. Bc2 h6 25. Be3 b6 26. Rxd8 Rxd8 27. Rd1 Rxd1+ 28. Bxd1 Bf8 29. c5 bxc5 30. Bxc5 Bxc5 31. bxc5 Nd7 32. Ba4 Nxc5 33. Bxc6 Kf8 34. Kf1 Ke7 35. Ke2 Kd6 36. Be8 Ne4 37. Bf7 Kc5 38. Ke3 Nd6 39. Bg8 a5 40. g4 Kb4 41. h4 Ka3 42. g5 hxg5 43. hxg5 a4 44. g6 Kb4 45. Be6 Ne8 46. Ke4 1-0